000 00616nas a2200229 4500
001 BR8802896
003 BR-BrBNA
005 20231205091141.0
007 ta
008 230509b bl.|||p| |||| 00| 00por d
040 _aBR-BrBNA
_bpor
_cBiblioteca Nacional de Agricultura
041 _a(Pt)
072 _aM12; L53
100 1 _aMello, N.H. de (ed.)
245 1 _aTambaqui
650 _aTAMBAQUI
650 _aNUTRICAO ANIMAL
650 _aREPRODUCAO ANIMAL
773 0 _tGlobo Rural (Brazil)
_x
_g(Oct 1987), v. 2(25) p. 89-92
_wBR8802896
909 _a202311
_bLúcia
_c55
_dLúcia Elande
942 _2AGRIS
_n0
_cANA
999 _c123159
_d123159